000 00863cab a2200253 4500
001 ABS48721
008 090401t1993 xxu||||| |||| 00| 0 eng d
035 _a(Sirsi) u68270
041 _aeng
245 _aUpdating fee scales 36 & 37
260 _c1993
350 _a0
490 _aCS Monthly : QS Bulletin
_v2(9) June 1993, 2-3(2)
520 _aThe RICS Fees and Conditions Panel has calculated the 1992 Average Fee Scale Index using 1992 indices. Tables show the updated scales. Refers readers to "Service at a discount" published in CQS in 1992 (ABS46975) for explanations of the formula method.
650 _aFEE SCALES
650 _aFORMULA METHOD
650 _aPROFESSIONAL FEES
650 _aSCALE 36
650 _aSCALE 37
690 _aPROFESSIONAL PRACTICE
690 _aQuantity surveying
_96263
942 _n0
948 _c04/03/1997
999 _c42824
_d42824